| 000 | 00644nam a2200217Ia 4500 | ||
|---|---|---|---|
| 001 | 4597 | ||
| 003 | GE_BSU | ||
| 008 | 181216s||||||||xx |||||||||||||| ||und|| | ||
| 040 | _cGE_BSU | ||
| 080 | _a514.12(075.8) | ||
| 100 | _aИльин В.А. Позняк Э.Г. | ||
| 245 | _aАналитическая геометрия. | ||
| 245 | _bИзд. 3-е. учебник для студентов ун-тов. | ||
| 245 | _cГл. ред. физ.-мат. лит. | ||
| 260 | _aМосква | ||
| 260 | _bНаука | ||
| 260 | _c1981 | ||
| 300 | _a232 с. 22 см. | ||
| 653 | _aАналитическая геометрия. | ||
| 942 | _cBK | ||
| 999 |
_c38506 _d38506 |
||